Statistics for Mountains: Guess the country

Click here to take the quiz!

General Stats

  • This quiz has been taken 15 times
  • The average score is 9 of 20

Answer Stats

MountainCountry% Correct
EyjafjallajökullIceland
85%
ElbrusRussia
85%
PopocatépetlMexico
77%
Mount TasmanNew Zealand
77%
Sugarloaf MountainBrazil
69%
Puncak JayaIndonesia
69%
MönchSwitzerland
54%
Volcán AtitlánGuatemala
46%
BjelašnicaBosnia and Herzegovina
38%
Aiguille VerteFrance
38%
Mount WilhelmPapua New Guinea
38%
Huayna PotosíBolivia
31%
CarrauntoohilIreland
31%
Monte TitanoSan Marino
31%
Pic de l'EstanyóAndorra
23%
Mount MorungoleUganda
23%
Kula KangriBhutan
15%
Emi KoussiChad
15%
Monte MuambeMozambique
15%
Dindaw RaziMyanmar
15%

Score Distribution

Percentile by Number Answered

Percent of People with Each Score

Your Score History

You have not taken this quiz